| 000 | 00526nam a22001691a 4500 | ||
|---|---|---|---|
| 001 | 11720 | ||
| 003 | OSt | ||
| 005 | 20260204212252.0 | ||
| 008 | 130515s2010||||ck ||||||b||||||||||spa|| | ||
| 050 | _a551.48 O2r | ||
| 100 | _aOrdonez Ordonez, Jaime Ivon | ||
| 245 | _aEl regimen del flujo y la morfologia de los cauces aluviales / Jaime Ivon Ordoñez Ordoñez | ||
| 264 | _aColombia : Universidad nacional de colombia | ||
| 300 | _a135 P | ||
| 650 | _aHIDROLOGIA 2.RECURSOS HIDRAULICOS 3.RIOS MORFOLOGIAÌ | ||
| 942 |
_2ddc _cBK |
||
| 999 |
_c11720 _d11720 |
||